Datum a čas kvízu
41
Celkem bodů
Celkový počet nahraných bodů na tomto kvízu bez doplňovacích otázek.
2.
Pořadí na kvízu
Konečné umístění týmu na tomto kvízu.
Zaznamenané odpovědi
| # | Otázka | Odpověď | Body | Výsledky |
|---|---|---|---|---|
| 1. | Moderátor jednoho rádia nabíze... | Michal Kavalčík / Ruda z Ostravy | 1 | |
| 2. | Vláda jisté země dala ve čtvrt... | Francisco Franco | 0 | |
| 3. | V neděli měl vystoupit známý č... | David Černý | 1 | |
| 4. | Před měsícem vzbudila rozruch... | 0 | ||
| 5. | Minulý týden bylo oznámeno, že... | Fernando Alonso | 1 | |
| 6. | Druhý díl naší cesty kolem svě... | Myanmar (Barma) | 1 | |
| 7. | Pokračujeme dále do jihovýchod... | Thajsko | 1 | |
| 8. | Další dvě otázky budou patřit... | Medvídek Pú | 0 | |
| 9. | V severní Číně a jižním Mongol... | Gobi | 1 | |
| 10. | Dnešní putování zakončíme v Mo... | z kobylího mléka | 1 |